[Event "Challenge"]
[Site "http://www.queenalice.com/game.php?id=948404"]
[Date "2011.6.10"]
[Round "-"]
[White "pbeccari"]
[Black "shivaroxxx"]
[Result "1-0"]
[WhiteElo "1952"]
[BlackElo "1100"]

1. e4 e5 2. Nf3 Nc6 3. Bb5 a6 4. Ba4 Nf6 5. O-O Be7 6. Re1 b5 7. Bb3 O-O 8. d3
Bb7 9. c3 h6 10. Nbd2 Re8 11. Nf1 Bf8 12. Ng3 d6 13. Nh4 Na5 14. Bc2 c5 15. Qf3
g6 16. Ne2 Nc6 17. Qg3 Kh7 18. f4 Nh5 19. Qh3 exf4 20. Nxf4 Nxf4 21. Bxf4 g5 22.
d4 Ne7 23. e5+ Ng6 24. Qf5 Kg7 25. Nxg6 Bc8 26. e6 Bxe6 27. Rxe6 fxe6 28. Qe4
Qf6 29. Nh8 Qf5 30. Qb7+ Re7 31. Qxa8 Qxc2 32. Bxd6 Rf7 33. Nxf7 Bxd6 34. Nxd6
1-0

[Event "Let's Play Chess!"]
[Site "http://www.queenalice.com/game.php?id=951390"]
[Date "2011.6.19"]
[Round "-"]
[White "pbeccari"]
[Black "charles31"]
[Result "1-0"]
[WhiteElo "1603"]
[BlackElo "1853"]

1. e4 e5 2. Nf3 d6 3. d4 exd4 4. Nxd4 a6 5. Nc3 h6 6. Bc4 Nf6 7. O-O Bd7 8. Qf3
Nc6 9. Be3 Bg4 10. Qg3 Qd7 11. f3 Bh5 12. a3 Be7 13. Qxg7 O-O-O 14. Qg3 Rdg8 15.
Qf2 Rg6 16. Bxf7 Rg7 17. Be6 Nxd4 18. Bxd7+ Kxd7 19. Bxd4 Rhg8 20. g3 c5 21. Be3
Rh7 22. Rad1 Ne8 23. Bxc5 Bf6 24. Bxd6 Nxd6 25. Qb6 Rb8 26. Qxd6+ 1-0

[Event "1. e4 c5"]
[Site "http://www.queenalice.com/game.php?id=952821"]
[Date "2011.6.22"]
[Round "-"]
[White "pbeccari"]
[Black "ernesto_che"]
[Result "0-1"]
[WhiteElo "1983"]
[BlackElo "2195"]

1. e4 c5 2. Nf3 Nc6 3. d4 cxd4 4. Nxd4 g6 5. Nc3 Bg7 6. Be3 Nf6 7. Be2 O-O 8.
O-O d6 9. f4 Qb6 10. Na4 Qa5 11. Nc3 Nxd4 12. Bxd4 e5 13. Be3 b6 14. fxe5 dxe5
15. Bg5 Qc5+ 16. Kh1 Ne8 17. Nd5 f6 18. Be3 Qd6 19. Nxf6+ Rxf6 20. Bc4+ Kh8 21.
Bd5 Rb8 22. Qe2 Nc7 23. c4 Ba6 24. Rfd1 Nxd5 25. Rxd5 Qe7 26. Bg5 Bb7 27. Bxf6
Qxf6 28. Rf1 Qh4 29. Rd7 Qxe4 30. Qd2 Qxc4 31. Rd1 Rf8 32. Rd8 Qxa2 33. Qd7 Rxd8
34. Qxd8+ Qg8 35. Qc7 Bd5 36. Qd7 Bc4 37. Qc7 Bd5 38. Qd7 Bb3 39. Rd3 e4 40. Re3
Qf8 41. Re1 Qf2 42. Qe8+ Bg8 43. Qxe4 Bxb2 0-1

[Event "Challenge"]
[Site "http://www.queenalice.com/game.php?id=960392"]
[Date "2011.7.14"]
[Round "-"]
[White "charles31"]
[Black "pbeccari"]
[Result "0-1"]
[WhiteElo "1859"]
[BlackElo "1766"]

1. e4 d5 2. exd5 Qxd5 3. Nc3 Qd6 4. Bb5+ Bd7 5. Bxd7+ Nxd7 6. d3 Ngf6 7. Be3 g6
8. Nf3 Bg7 9. Qd2 O-O 10. h3 Rfe8 11. g4 Qc6 12. Qe2 Ne5 13. O-O-O Qxf3 14. Qd2
Qc6 15. f4 Nf3 16. Qf2 e5 17. f5 Rad8 18. g5 Nh5 19. fxg6 fxg6 20. Ne4 Rf8 21.
Qe2 Nf4 22. Bxf4 Rxf4 23. Rdf1 Rdf8 24. Qe3 Nd4 25. Nf6+ Bxf6 26. c3 Bxg5 27.
Rxf4 Bxf4 0-1

[Event "Challenge"]
[Site "http://www.queenalice.com/game.php?id=960393"]
[Date "2011.7.14"]
[Round "-"]
[White "pbeccari"]
[Black "charles31"]
[Result "1-0"]
[WhiteElo "1848"]
[BlackElo "1859"]

1. e4 e5 2. Nf3 d6 3. d4 exd4 4. Nxd4 h6 5. Nc3 Nf6 6. Be2 Be6 7. Be3 a6 8. O-O
Qd7 9. Qd2 Nc6 10. Rad1 Ng4 11. Bf4 Be7 12. f3 Nf6 13. Be3 Ne5 14. b3 b5 15. a4
c5 16. Nxe6 fxe6 17. axb5 a5 18. Ra1 g5 19. Ra4 Kf7 20. Rfa1 Qc7 21. Nd1 Rhb8
22. Rxa5 Rxa5 23. Qxa5 Qd7 24. Nc3 d5 25. exd5 exd5 26. Rd1 d4 27. Bf2 Qf5 28.
Qc7 Rc8 29. Qb7 dxc3 30. Bg3 Re8 31. Qc7 Ng6 32. Bd3 Qc8 33. b6 Nd5 34. Bc4 Qxc7
35. Bxd5+ Kg7 36. bxc7 Nf4 37. Bxf4 gxf4 38. Bb7 1-0

[Event "Challenge"]
[Site "http://www.queenalice.com/game.php?id=964261"]
[Date "2011.7.24"]
[Round "-"]
[White "albertopontello"]
[Black "pbeccari"]
[Result "0-1"]
[WhiteElo "1869"]
[BlackElo "1907"]

1. e4 d5 2. exd5 Qxd5 3. Nc3 Qd6 4. Nf3 Nf6 5. Bc4 a6 6. O-O b5 7. Bb3 Bb7 8. d3
g6 9. Be3 Bg7 10. Qd2 Bxf3 11. gxf3 Nbd7 12. Bf4 e5 13. Bh6 O-O 14. Bxg7 Kxg7
15. Kh1 c5 16. a3 Qc6 17. Ne4 Rad8 18. Rg1 Nxe4 19. fxe4 Nf6 20. c4 Nxe4 21. Qe3
Nxf2# 0-1

[Event "Challenge"]
[Site "http://www.queenalice.com/game.php?id=965944"]
[Date "2011.7.28"]
[Round "-"]
[White "pbeccari"]
[Black "albertopontello"]
[Result "1-0"]
[WhiteElo "1948"]
[BlackElo "2034"]

1. e4 e5 2. Nf3 Nc6 3. Bb5 d6 4. d4 Bd7 5. Nc3 a6 6. Bxc6 Bxc6 7. dxe5 dxe5 8.
Qxd8+ Rxd8 9. Nxe5 Rd6 10. Nxc6 Rxc6 11. Bf4 Bb4 12. Be5 f6 13. Bd4 Nh6 14.
O-O-O O-O 15. f3 Nf7 16. Nd5 Bd6 17. Ne3 Bf4 18. Kb1 Bxe3 19. Bxe3 Re8 20. Rhe1
Nd6 21. b3 Nb5 22. Kb2 Kf7 23. c4 Nd6 24. Bf4 Re6 25. Rd5 g5 26. Bg3 Rb6 27. c5
Rb5 28. a4 Nc4+ 29. Kc3 Nb6 30. cxb6 Rc6+ 31. Kb2 Rbxb6 32. Bf2 Rb4 33. Ka3 Rbb6
34. Bxb6 cxb6 35. Rd7+ Kg6 36. Rxb7 Rc2 37. Rg1 Rc6 38. Kb2 Rd6 39. Rc1 h6 40.
g4 Rd3 41. Rcc7 f5 42. Rc6+ 1-0

[Event "Challenge"]
[Site "http://www.queenalice.com/game.php?id=966537"]
[Date "2011.7.30"]
[Round "-"]
[White "Henderb"]
[Black "pbeccari"]
[Result "1-0"]
[WhiteElo "2092"]
[BlackElo "1956"]

1. Nf3 d5 2. d4 Nf6 3. c4 e6 4. Nc3 Be7 5. Bf4 c6 6. e3 Nbd7 7. Bd3 O-O 8. O-O
Nh5 9. Be5 Ndf6 10. Nd2 dxc4 11. Nxc4 b5 12. Nd2 g6 13. Rc1 Bb7 14. Nce4 Nd5 15.
Nc5 Bxc5 16. Rxc5 f6 17. Bg3 Nxg3 18. hxg3 Nb4 19. Bb1 Qd6 20. Kh2 e5 21. Qb3+
Nd5 22. e4 exd4 23. Rfc1 Kg7 24. exd5 a5 25. dxc6 Ba6 26. Rd5 1-0

[Event "Let's Play Chess!"]
[Site "http://www.queenalice.com/game.php?id=966540"]
[Date "2011.7.30"]
[Round "-"]
[White "pbeccari"]
[Black "spawnwolfwolverine"]
[Result "1-0"]
[WhiteElo "1937"]
[BlackElo "1672"]

1. e4 e5 2. Nf3 d6 3. d4 exd4 4. Nxd4 Bd7 5. Nc3 Nc6 6. Bc4 Nxd4 7. Qxd4 Nf6 8.
Bg5 Be7 9. O-O-O O-O 10. e5 dxe5 11. Qxe5 Bd6 12. Qd4 Be6 13. Ne4 Bxc4 14. Nxf6+
gxf6 15. Bxf6 Qd7 16. Qxc4 Qe6 17. Qh4 Qf5 18. Rd4 Be5 19. Rg4+ Qg6 20. Rxg6+
fxg6 21. Bxe5 Rf5 22. Qc4+ Kf8 23. Qxc7 Rxe5 24. Qxe5 Re8 25. Qh8+ Kf7 26. Qxh7+
Kf6 27. Rd1 Re7 28. Rd6+ Re6 29. Qh4+ Kf7 30. Rd7+ Kf8 31. Qh8# 1-0

[Event "Let's Play Chess!"]
[Site "http://www.queenalice.com/game.php?id=966541"]
[Date "2011.7.30"]
[Round "-"]
[White "nunoportugal"]
[Black "pbeccari"]
[Result "0-1"]
[WhiteElo "1419"]
[BlackElo "1948"]

1. e4 d5 2. exd5 Qxd5 3. Nc3 Qd6 4. d4 Nf6 5. Bg5 Nc6 6. Bxf6 Qxf6 7. d5 Qe5+ 8.
Be2 Nb4 9. Nf3 Qd6 10. a3 Na6 11. Bxa6 bxa6 12. Ne4 Qb6 13. O-O e6 14. b4 Bb7
15. c4 exd5 16. cxd5 Rd8 17. Nc3 Qd6 18. Qd4 Bxd5 19. Qxa7 Qb6 20. Qxb6 cxb6 21.
b5 a5 22. Nxd5 Rxd5 23. a4 Bc5 24. Rfe1+ Kd7 25. Re5 Rxe5 26. Nxe5+ Kc7 27. Nxf7
Rf8 28. Ne5 Bxf2+ 29. Kh1 Bd4 30. Re1 Bxe5 31. g3 Bd6 32. g4 Rf4 33. g5 Rxa4 34.
Re8 Rh4 35. Re2 Rxh2+ 36. Rxh2 Bxh2 37. Kxh2 a4 38. Kh3 a3 39. Kg4 a2 40. Kh5
a1=Q 41. g6 Qe5+ 42. Kg4 h5+ 43. Kf3 Qd4 44. Kg3 h4+ 45. Kh3 Qf4 46. Kg2 Qg3+
47. Kh1 Qf3+ 48. Kh2 h3 49. Kg1 Qg2# 0-1

[Event "Riproviamo."]
[Site "http://www.queenalice.com/game.php?id=981203"]
[Date "2011.9.4"]
[Round "-"]
[White "pbeccari"]
[Black "ernesto_che"]
[Result "0-1"]
[WhiteElo "1941"]
[BlackElo "2182"]

1. e4 c5 2. Nf3 Nc6 3. d4 cxd4 4. Nxd4 e5 5. Nb5 d6 6. N1c3 Nf6 7. Bg5 a6 8.
Bxf6 gxf6 9. Na3 Rg8 10. Nc4 b5 11. Ne3 Bh6 12. Qh5 Bxe3 13. fxe3 Nb4 14. O-O-O
Bg4 15. Qxh7 Ke7 16. Be2 Bxe2 17. Nxe2 Rxg2 18. Ng3 Rc8 19. c3 Nxa2+ 20. Kb1
Rxg3 21. hxg3 Nxc3+ 22. bxc3 Rxc3 23. Qh6 Qa5 24. Rd2 Ra3 25. Rb2 Qa4 26. Qh4
Ra1# 0-1

[Event "Challenge"]
[Site "http://www.queenalice.com/game.php?id=982373"]
[Date "2011.9.7"]
[Round "-"]
[White "Rodrigo_Cruzeiro"]
[Black "pbeccari"]
[Result "0-1"]
[WhiteElo "1993"]
[BlackElo "1933"]

1. e4 d5 2. exd5 Qxd5 3. d4 Nc6 4. Nc3 Qxd4 5. Bb5 Qxd1+ 6. Nxd1 Bd7 7. Be3 Nf6
8. Nc3 O-O-O 9. a3 e5 10. f3 Nd4 11. Bxd4 exd4 12. Bxd7+ Rxd7 13. Nce2 Bc5 14.
b4 Bb6 15. O-O-O Re8 16. h4 Re3 17. Kb2 d3 18. cxd3 Rexd3 19. Rxd3 Rxd3 20. Nc3
Bd4 21. Ne2 Bxc3+ 22. Nxc3 Rd2+ 23. Kb3 Rxg2 24. Rh3 c6 25. Kc4 Kd7 26. a4 Nh5
27. Ne4 Nf4 28. Rh1 Nd5 29. b5 Rc2+ 30. Kd4 b6 31. Rb1 Ne7 32. Ng5 c5+ 33. Ke4
Rc4+ 34. Ke3 Ke8 35. Nxh7 f6 36. Rg1 Kf7 37. f4 Nf5+ 38. Kf3 Nxh4+ 39. Kg3 Ng6
40. f5 Ne7 41. Rf1 Kg8 42. Nxf6+ gxf6 43. Rf4 Rxf4 44. Kxf4 Nd5+ 45. Ke4 Nc3+
46. Kd3 Nxa4 47. Kc4 Kg7 48. Kd5 Kh6 0-1

[Event "Xadres"]
[Site "http://www.queenalice.com/game.php?id=988800"]
[Date "2011.9.23"]
[Round "-"]
[White "pbeccari"]
[Black "ipontelo"]
[Result "1-0"]
[WhiteElo "1941"]
[BlackElo "1333"]

1. e4 d5 2. exd5 Qxd5 3. Nc3 Qe5+ 4. Be2 Bd7 5. Nf3 Qa5 6. d4 Qb4 7. Bd2 Bc6 8.
Nb5 Qa4 9. Nxc7+ Kd8 10. a3 b5 11. b3 Bxf3 12. bxa4 Bxe2 13. Qxe2 Kxc7 14. Ba5+
Kd7 15. Qxb5+ Nc6 16. d5 Rc8 17. dxc6+ Kd6 18. Rd1+ Ke6 19. Bc3 f6 20. Qd5# 1-0

[Event "Challenge"]
[Site "http://www.queenalice.com/game.php?id=992823"]
[Date "2011.10.3"]
[Round "-"]
[White "albertopontello"]
[Black "pbeccari"]
[Result "1-0"]
[WhiteElo "1940"]
[BlackElo "1934"]

1. e4 d5 2. exd5 Qxd5 3. Nc3 Qd6 4. Nf3 Nf6 5. Bc4 Nc6 6. d3 a6 7. h3 Be6 8.
Bxe6 Qxe6+ 9. Ne2 O-O-O 10. O-O h6 11. Re1 Qd6 12. b3 e5 13. Bb2 Qe6 14. a3 Bc5
15. Ng3 Bd6 16. Nd4 Nxd4 17. Bxd4 Qd5 18. Bb2 Rhe8 19. b4 g6 20. Bc1 Qc6 21.
Bxh6 e4 22. Bg5 Bxg3 23. Bxf6 Bxf2+ 24. Kxf2 Qxf6+ 25. Kg1 Qd4+ 26. Kh1 exd3 27.
Rxe8 Rxe8 28. cxd3 Re3 29. Rc1 Rxd3 30. Qe2 Qe3 31. Qf1 Rxa3 32. Re1 Qb3 33. Qe2
Qe6 34. Qd2 Qd7 35. Qb2 Rxh3+ 36. gxh3 Qxh3+ 37. Qh2 Qf3+ 38. Qg2 Qxg2+ 39. Kxg2
Kd7 40. Kf3 f6 41. Kf4 Kd6 42. Rg1 g5+ 43. Kf5 Ke7 44. Rh1 c6 45. Rh7+ 1-0

[Event "Challenge"]
[Site "http://www.queenalice.com/game.php?id=994246"]
[Date "2011.10.6"]
[Round "-"]
[White "arthurgomes"]
[Black "pbeccari"]
[Result "1-0"]
[WhiteElo "1877"]
[BlackElo "1955"]

1. e4 d5 2. exd5 Qxd5 3. Nf3 Nc6 4. Be2 Nf6 5. O-O e5 6. Nc3 Qd8 7. Bb5 Bd7 8.
Re1 Bd6 9. d4 e4 10. Bg5 O-O 11. Nxe4 Be7 12. Nxf6+ Bxf6 13. Bf4 Nxd4 14. Bxd7
Qxd7 15. Nxd4 Qxd4 16. Bxc7 Rac8 17. Qxd4 Bxd4 18. Be5 Bxf2+ 19. Kxf2 Rxc2+ 20.
Kg1 1-0

[Event "Challenge"]
[Site "http://www.queenalice.com/game.php?id=1012075"]
[Date "2011.11.24"]
[Round "-"]
[White "ymfrancois"]
[Black "pbeccari"]
[Result "1-0"]
[WhiteElo "1936"]
[BlackElo "1933"]

1. e4 d5 2. exd5 Qxd5 3. Nc3 Qd6 4. Nf3 Nf6 5. h3 a6 6. Bc4 Nc6 7. O-O Bf5 8.
Nh4 Bg6 9. Nxg6 hxg6 10. a3 O-O-O 11. d3 e5 12. Bxf7 e4 13. Bxg6 Rh4 14. Bg5 Rh8
15. Nxe4 Nxe4 16. Bxe4 Be7 17. Bxe7 Qxe7 18. Bxc6 bxc6 19. Qf3 Rd6 20. Rfd1 Rf6
21. Qg4+ Kb8 22. Qa4 c5 23. b4 Qe2 24. Rf1 Rg6 25. Kh2 Qe5+ 26. Kh1 Rgh6 27. Qd7
Rd6 28. Qg4 g5 29. Rae1 Qc3 30. Rb1 Ka7 31. Qe4 Qxc2 32. bxc5 1-0

[Event "Challenge"]
[Site "http://www.queenalice.com/game.php?id=1012076"]
[Date "2011.11.24"]
[Round "-"]
[White "pbeccari"]
[Black "ymfrancois"]
[Result "1-0"]
[WhiteElo "1916"]
[BlackElo "1922"]

1. e4 e5 2. Nf3 Nc6 3. Bb5 a6 4. Ba4 b5 5. Bb3 Na5 6. Bxf7+ Kxf7 7. Nxe5+ Ke6 8.
Qg4+ Kxe5 9. Qf5+ Kd6 10. d4 Qe7 11. Qd5# 1-0

[Event "Challenge"]
[Site "http://www.queenalice.com/game.php?id=1015929"]
[Date "2011.12.5"]
[Round "-"]
[White "pbeccari"]
[Black "Equiferus"]
[Result "1-0"]
[WhiteElo "1917"]
[BlackElo "1933"]

1. e4 d5 2. exd5 Qxd5 3. Nc3 Qd8 4. d4 e5 5. dxe5 Nd7 6. Nf3 Bb4 7. Bd2 Qe7 8.
Nd5 Bxd2+ 9. Qxd2 Qc5 10. b4 Qc6 11. c4 Ne7 12. Nd4 1-0